Eastern Africa - With Map - Statistics

General Stats
  • This quiz has been taken 211 times
  • The average score is 15 of 18
Answers on the Map
Answers color-coded by a green-red scale on the quiz's map according to % correct below.
 
Answer Stats
Answer % Correct
Ethiopia
96%
Madagascar
95%
Kenya
93%
Somalia
93%
Rwanda
91%
Tanzania
91%
Mozambique
87%
Djibouti
86%
Eritrea
86%
South Sudan
85%
Uganda
85%
Malawi
82%
Zimbabwe
82%
Zambia
81%
Seychelles
79%
Burundi
77%
Mauritius
77%
Comoros
71%
No matching quizzes found
Score Distribution
Percent of People with Each Score
Percentile by Number Answered
Your Score History
You have not taken this quiz